Harry Potter y la orden del fénix /
En esta historia, Harry regresa a Hogwarts para su quinto año, pero se encuentra con un ambiente hostil: el Ministerio de Magia niega el regreso de Lord Voldemort y envía a Dolores Umbridge como profesora de Defensa Contra las Artes Oscuras, imponiendo reglas estrictas y castigando a quienes desafía...
Guardado en:
| Autor Principal: | |
|---|---|
| Formato: | Libro |
| Publicado: |
Barcelona :
Salamandra,
2023.
|
| Edición: | 11a ed. |
| Series: | Salamandra Bolsillo
|
| Materias: | |
| Etiquetas: |
Agregar Etiqueta
Sin Etiquetas, Sea el primero en etiquetar este registro!
|
| LEADER | 01883nam a22002535a 4500 | ||
|---|---|---|---|
| 001 | CEM.cems024664 | ||
| 008 | 250605s2023##################000#0#####d | ||
| 005 | 20260406130757.0 | ||
| 245 | 1 | 0 | |a Harry Potter y la orden del fénix / |c J. K. Rowling. |
| 250 | |a 11a ed. | ||
| 260 | |a Barcelona : |b Salamandra, |c 2023. | ||
| 300 | |a 925 p. | ||
| 490 | 1 | |a Salamandra Bolsillo | |
| 520 | |a En esta historia, Harry regresa a Hogwarts para su quinto año, pero se encuentra con un ambiente hostil: el Ministerio de Magia niega el regreso de Lord Voldemort y envía a Dolores Umbridge como profesora de Defensa Contra las Artes Oscuras, imponiendo reglas estrictas y castigando a quienes desafían su autoridad. Ante la falta de preparación para enfrentar a Voldemort, Harry y sus amigos Hermione y Ron forman el Ejército de Dumbledore, un grupo secreto de estudiantes que entrenan en defensa mágica. Mientras tanto, la Orden del Fénix, liderada por Dumbledore, lucha contra los Mortífagos en las sombras. La historia alcanza su punto culminante cuando Harry tiene una visión de que Voldemort ha capturado a Sirius Black, su padrino. Junto a sus amigos, viaja al Ministerio de Magia, donde descubren que todo fue una trampa. En la batalla que sigue, Sirius muere a manos de Bellatrix Lestrange, dejando a Harry devastado. Finalmente, Dumbledore revela a Harry la profecía que lo vincula con Voldemort: solo uno de los dos puede sobrevivir. Con esta revelación, Harry comprende que su destino es enfrentarse al Señor Oscuro. | ||
| 020 | |a 9788418173141 | ||
| 100 | 1 | |a Rowling, J. K. | |
| 082 | 0 | 4 | |a 823.9 |
| 653 | |a Literatura | ||
| 653 | |a Novela juvenil | ||
| 653 | |a Novela | ||
| 653 | |a Literatura juvenil | ||
| 653 | |a Literatura inglesa | ||
| 859 | |a CEMS |b BIB. CEMS - Agricultura |h 823.9 |i R795-7 |p A4027.25 |t Ej.1 | ||
| 859 | |a CEMS |b BIB. CEMS - 11 de abril |h 823.9 |i R795-4a11 |p 29928.25 |t Ej.1 | ||
